000 00506nam a2200193Ia 4500
003 OSt
005 20260307123617.0
008 210210b1939 xxu||||| |||| 00| 0 eng d
040 _cAL
041 _aHindi
082 _a863/69
100 _aPRASAD (Jaishanker)
_dप्रसाद (जयशंकर)
_9258193
245 _aSudarshan
_bसुदर्शन
260 _aAllAhAbad
_b-
_c1939
650 _aSudarshan
_9258194
690 _aHindi Drama
_9258195
906 _a023444
942 _2ddc
_cBK
999 _c148409
_d148409